000
00262nam a2200109Ia 4500
008
240625s9999 xx 000 0 und d
041
_a
eng
082
_a
336.24 AHU
100
_a
AHUJA GIRISH
245
_a
SYSTEMATIC APPROACH TO INCOME TAX SERVIC
260
_c
2011
999
_c
38172
_d
38172